| 000 | 00877cam a22002531 4500 | ||
|---|---|---|---|
| 001 | he 68000440 | ||
| 003 | DLC | ||
| 005 | 20260227111453.0 | ||
| 008 | 850306s1967 is c b 000 0bheb | ||
| 010 | _ahe 68000440 | ||
| 035 | _a(OCoLC)19186582 | ||
| 040 |
_aDLC _cMH _dCU _dDLC |
||
| 042 | _apremarc | ||
| 050 | 0 | 0 |
_aDS135.R95 _bS8 |
| 100 | 1 | _aEnav, Moshe. | |
| 245 | 1 | 0 |
_aBe-saʻarat ha-ḥayim : _bDoḳṭor Yitsḥaḳ Naḥman Shṭainberg, li-demuto ule-derekh ḥayaṿ / _cMosheh ʻEnav (Ṿainṭroib) |
| 260 |
_a[Tel Aviv] : _bMaḥbarot le-sifrut, _c[1967] |
||
| 300 |
_a98 p. : _bports. ; _c21 cm. |
||
| 500 | _aAdded t.p.: Stormy life; Dr. Isaac Nachman Steinberg, the man and his way of life. | ||
| 504 | _aIncludes bibliographical references. | ||
| 600 | 1 | 0 |
_aSteinberg, Isaac Nachman, _d1888-1957. |
| 740 | 0 | _aStormy life. | |
| 752 |
_aIsrael _dTel Aviv |
||
| 999 |
_c32918 _d32918 |
||